000 00454nam a22001817a 4500
005 20230523140727.0
008 230523b |||||||| |||| 00| 0 eng d
020 _a9781259002076
082 _a621.43
_bHEY-I
100 _aHeywood;John.B
245 _aInternal CombustionEngine Fundamentals
260 _aIndia
_bMcGraw Hill
_c2016
300 _a930
500 _aIncludes Index
650 _aEngineering
700 _aJohn B. Heywood
999 _c18403
_d18403